| 000 | 01197nam a2200277 a 4500 | ||
|---|---|---|---|
| 001 | 000025936 | ||
| 005 | 20200930024151.0 | ||
| 008 | 110217s1997 ck a r 000 | spa d | ||
| 040 |
_aDO-SdBNP _bspa _cBNPHU |
||
| 041 |
_aspa _heng _2Código de idioma MARC |
||
| 082 |
_aNNN _bW119g |
||
| 100 | 1 |
_aWade, Peter , _952796 |
|
| 240 | 0 |
_aBlackness and race mixture : the dynamics of racial identity in Colombia. _lEspañol |
|
| 245 | 1 | 0 |
_aGente negra, nación mestiza : _bdinámica de las identidades raciales en Colombia / _cPeter Wade ; traducción Ana Cristina Mejía Vélez. |
| 260 |
_aSantafé de Bogotá : _bSiglo del hombre : _bUniandes, _c1997. |
||
| 300 |
_a487 p. : _bil. ; _c21 cm. |
||
| 490 | 1 | _aBiblioteca Universitaria Ciencias Sociales y Humanidades | |
| 490 | 1 | _aAntropología Social | |
| 534 |
_aTítulo original : _tBlackness and race mixture : the dynamics of racial identity in Colombia. |
||
| 504 | _aIncluye bibliografía : p. 439-467 | ||
| 500 | _aIncluye índice : p. 469-487 | ||
| 700 | 1 |
_aMejía Vélez, Ana Cristina, _etr. _952797 |
|
| 830 | 0 |
_aBiblioteca Universitaria Ciencias Sociales y Humanidades _952798 |
|
| 830 | 0 |
_aAntropología Social _916772 |
|
| 049 | _aBNGR | ||
| 999 |
_c25428 _d25428 |
||